01102 a2200205 45000010006000000050017000060080041000230030015000640400040000790800162001192450030002810200018003112500012003292640039003413000019003805050356003990410008007551000038007638560095008013759320260407155643.0260407a2001 arg spa dAR-UNSa-BCEJYS aAR-UNSa-BCEJYSbspacAR-UNSa-BCEJYS a51-7xEstudios y métodos matemáticos en otros campos del conocimiento. Matemáticas científicas. Matemáticas actuariales (Matemáticas Financieras)10aMatemáticas financieras a970-686-160-2 a2a. ed. 1aMéxico :bThomson Learningc2001 a607 p.c22 cm. a1. La calculadora electrónica - 2. Logaritmos - 3. Sucesiones y series - 4. Variación proporcional - 5. Porcentaje - 6. Interés simple - 7. Interés compuesto - 8. Anualidades simples vencidas - 9. Anualidades anticipadas - 10. Anualidades diferidas y rentas perpetuas - 11. Anualidades generales - 12. Obligaciones y bonos - 13. Depreciación aspa1 aVidaurri Aguirre, Héctor Manuel41uhttps://biblioeco.unsa.edu.ar/pmb/images/libros/L125328.jpgyImagen de portadaqimage/jpeg